| 000 | 00849cam a2200241 i 4500 | ||
|---|---|---|---|
| 003 | SA-RiAUC | ||
| 005 | 20240927150201.0 | ||
| 008 | 240925q19001999||| g 000r0 ara c | ||
| 040 |
_aSA-MaMIU _bara _cSA-RiAUC _erda |
||
| 082 | 0 | 4 | _a251.15 |
| 090 |
_a251.15 _bآ ل س |
||
| 100 | 1 |
_aآل سبالك، أحمد بن منصور _eمؤلف. |
|
| 245 | 1 | 0 |
_aأعذار الفقهاء / _cتأليف أحمد بن منصور آل سبالك. |
| 250 | _aالطبعة الاولى. | ||
| 264 | 1 |
_aالقاهرة : _bدار الرضا، _c2002 |
|
| 300 |
_a32 صفحة ؛ _c24 × 17 سم |
||
| 336 |
_aنص _btxt _2rdacontent _3كتاب |
||
| 337 |
_aبدون وسيط _bn _2rdamedia |
||
| 338 |
_aمجلد _bnc _2rdacarrier |
||
| 650 | 7 |
_aالاجتهاد (أصول فقه) _2aucsh |
|
| 942 |
_2ddc _cBOOK _n0 |
||
| 949 |
_aSA-JeALM _d240925 _umohamedma123 _n1 |
||
| 999 |
_c580 _d580 |
||